|
|
|
|
| LEADER |
00858nam a22001931 4500 |
| 001 |
c000193967 |
| 003 |
CARM |
| 005 |
20021125001700.0 |
| 008 |
851003s1966 sp 0 spa d |
| 019 |
1 |
|
|a 3960356
|5 LACONCORD2021
|
| 035 |
|
|
|a (OCoLC)216890921
|5 LACONCORD2021
|
| 100 |
1 |
|
|a Castana, Hieronimo Francisco.
|
| 245 |
1 |
0 |
|a Primera parte de los romances nuevos :
|b (Zaragoza, 1604), compuestos por H.F.Castana. Reimpresos porvez primera del ejemplar unico, con un estudio preliminar d e A.Rodriguez-Monino.
|
| 260 |
|
|
|a Valencia :
|b Castalia,
|c 1966.
|
| 440 |
|
0 |
|a Floresta, joyas poeticas espanolas, 10
|
| 852 |
8 |
|
|b CARM
|h A2:AN07A0
|i A03400
|p 0302717
|f BK
|
| 082 |
0 |
4 |
|a 861.3
|
| 999 |
f |
f |
|i 8b6c9142-4d15-51b0-9c10-a15c880b486b
|s 9a0ed588-f7cb-5013-872a-d1f77a8bbe26
|
| 952 |
f |
f |
|p Can circulate
|a CAVAL
|b CAVAL
|c CAVAL
|d CARM 1 Store
|e A03400
|f A2:AN07A0
|h Other scheme
|i book
|m 0302717
|